000 00647nam a2200217Ii 4500
003 JO-AjNU
008 230606s9999||||xx |||||||||||||| ||und||
020 _a978-0-7619-57980-0
040 _aJO-AjNU
_beng
_erda
_cJO-AjNU
041 _aeng
050 1 4 _aRC489.E24.I53.2000
100 3 _awoolfe,Ray/palmmer,Stephen,
_eauthor
_9681
245 0 0 _aIntegrative and Eclectic counselling and psychotherapy
250 _a1 ed
264 3 1 _aLondon:sage,2000
300 _a352p
336 _atext
_btxt
_2rdacontent
337 _aunmediated
_bn
_2rdamedia
338 _avolume
_bnc
_2rdacarrier
650 4 _a Eclectic psychotherapy. -Counseling.
_9682
999 _aE359
_c359
_d359